000 00349nam a2200133Ia 4500
008 240624s9999 xx 000 0 und d
041 _aeng
082 _a920 BHA
100 _aBHASKARAN GAUTAMAN
245 _aADOOR GOPALAKRISHNAN A LIFE IN CINEMA
260 _c2010
_aNew Delhi
_bPenguin Books India
300 _a218 : p. : cm. ; 24
365 _cRS
999 _c16983
_d16983